00535cam a22002171 4500001001300000003000400013005001700017008004100034010001700075035001900092040002000111042001200131050001700143100002700160245003800187250001400225260002000239300002600259650001500285999001700300sa 65008303 DLC20260227112155.0771114s1965 pk 000 0 eng  asa 65008303  a(OCoLC)3417071 aDLCcPBlbMdDLC apremarc00aBL80.2b.B741 aBrelvi, Mahmud,d1908-10aIslam and its contemporary faiths a[1st ed.] aKarachi,c1965. axii, 304 p. ;c23 cm. 0aReligions. c65686d65686